Online stochastic combinatorial optimization / (Record no. 5301)

MARC details
000 -LEADER
fixed length control field 00583 a2200181 4500
010 ## - LCCN (DPL NO)
LC control number ENG-86814
020 ## - INTERNATIONAL STANDARD BOOK NUMBER
International Standard Book Number 8120332393
Terms of availability 225.00
035 ## - SYSTEM CONTROL NUMBER
System control number EN-70347
037 ## - SOURCE OF ACQUISITION
Source of stock number/acquisition DBAD / PUB
082 14 - DEWEY DECIMAL CLASSIFICATION NUMBER
Classification number 003.76
100 1# - MAIN ENTRY--PERSONAL NAME
Personal name Hentenryck, Pascal Van
245 1# - TITLE STATEMENT
Title Online stochastic combinatorial optimization /
Statement of responsibility, etc by Pascal Van Hentenryck [and] Pascal Van
260 ## - PUBLICATION, DISTRIBUTION, ETC. (IMPRINT)
Place of publication, distribution, etc New Delhi
Name of publisher, distributor, etc Prentice-Hall of India
Date of publication, distribution, etc 2007
270 ## - ADDRESS
Address M-97, Connaught Circus
City New Delhi
Postal code 110 001
300 ## - PHYSICAL DESCRIPTION
Extent xiii, 232p
Dimensions 24cm (pbk)
500 ## - GENERAL NOTE
General note Includes index
942 ## - ADDED ENTRY ELEMENTS (KOHA)
Institution code [OBSOLETE] dpl
Item type English Books
Source of classification or shelving scheme Dewey Decimal Classification
Classification part 003.76
Call number suffix HEN
Holdings
Withdrawn status Lost status Not for loan Collection code Home library Current library Source of acquisition Cost, normal purchase price Full call number Barcode Copy number Cost, replacement price Koha item type
    Not For Loan Non-fiction D.B.Act.Division D.B.Act.Division DBAD/PUB 225.00 003.76 HEN EN-70347 1 225.00 English Books

© Delhi Public Library
Hit Counter
free hit counter